书目信息 |
| 题名: |
中国社会主义革命和建设史讲义
|
|
| 作者: | 胡华 主编 | |
| 分册: | ||
| 出版信息: | 中国人民大学出版社 |
|
| 页数: | 418页 | |
| 开本: | 24cm | |
| 丛书名: | ||
| 单 册: | ||
| 中图分类: | D232 | |
| 科图分类: | ||
| 主题词: | ||
| 电子资源: | ||
| ISBN: | ||
| 000 | 00518nam0 2200157 450 | |
| 001 | 202410224263421761 | |
| 005 | 20241022150951.64 | |
| 100 | @a20241022d km y0chiy0120 ea | |
| 101 | 0 | @achi |
| 200 | 1 | @a中国社会主义革命和建设史讲义@AZhong Guo She Hui Zhu Yi Ge Ming He Jian She Shi Jiang Yi@f胡华主编@FHu Hua Zhu Bian |
| 210 | @c中国人民大学出版社 | |
| 215 | @a418页@d24cm | |
| 690 | @aD232@v4 | |
| 701 | 0 | @a胡华@AHu Hua@4主编 |
| 801 | 0 | @aCN@b大连网信软件有限公司图书馆·11@c20241022 |
| 905 | @aZUCC@b1430274@dD232@e293@f1 | |
| 中国社会主义革命和建设史讲义/胡华主编.-中国人民大学出版社 |
| 418页;24cm |
| ISBN : |
| ● |
| 相关链接 |
|
|
|
|
正题名:中国社会主义革命和建设史讲义
索取号:D232/293
 
预约/预借
| 序号 | 登录号 | 条形码 | 馆藏地/架位号 | 状态 | 备注 |
| 1 | 1430274 | 214302743 | 密集书库-史法系/ [索取号:D232/293] | 在馆 |